000 01560nam a2200421 c 4500
001 60559
003 CO-BoRNBP
005 20260219200920.0
007 ta
008 260219s2022 ck er 000 f spa d
020 _a9789585698451
_qvolumen 4
040 _aCO-BoRNBP
_bspa
_erda
_cCO-BoRNBP
041 0 _aspa
043 _as-ck---
084 _aN ROJ2 Vol.4
100 1 0 _aRojas Herazo, Héctor,
_d1921-2002
_eaut
_9424
245 1 0 _aCelia se pudre /
_cHéctor Rojas Herazo ; prólogo de Andrea Juliana Enciso.
250 _aTercera edición
264 1 _aBarranquilla, Colombia :
_bFundación IriArtes,
_c2022
336 _atexto
_btxt
_2rdacontent
337 _ano mediado
_bn
_2rdamedia
338 _avolumen
_bnc
_2rdacarrier
500 _aEl folleto acompañante es una guía de lectura
505 0 _a Volumen 4. Capítulos 58- 77
521 _aRecomendado para público adulto
545 _aIncluye datos biográficos del autor en el folleto guía de lectura
600 1 0 _aRojas Herazo, Héctor,
_d1921-2002
_tCelia se pudre
_xAdaptaciones
_969067
650 0 7 _aCiudades y pueblos
_vNovela
_2lemb
_9431
650 0 7 _aEsperanza
_vNovela
_2lemb
_9430
650 0 7 _aRealismo Magico (Arte)
_2lemb
_969068
650 1 7 _aFamilia
_vNovela
_2lemb
_9429
650 1 7 _aNovela colombiana
_2rnbp
_91193
650 1 7 _aLiteratura colombiana
_2rnbp
_91068
651 0 _aCaribe (Región Colombiana
_xVida social y costumbres
_vNovela
_969069
700 1 0 _aEnciso, Andrea Juliana
_ewfw
_9434
830 _aMujeres escritoras colombianas
_968119
942 _2loc
_cBKLIT
999 _c60559
_d60559